Az Accor-Pannónia Hotels Zrt. és a budapesti Sofitel szálloda stratégiai döntéseit előkészítő pénzügyi számítások

Bibliográfiai részletek
Szerző: Németi Anna Judit
További közreműködők: Verebes Dr. Pál
Dokumentumtípus: Diplomadolgozat
Kulcsszavak:Szállodalánc, Sofitel
Szállodalánc, Accor-Pannónia Hotels
Makrogazdaság, magyar
Döntés, stratégiai
Vezetői információs rendszer
Vállalati stratégia, Accor
Pénzügyi elemzés, összehasonlító
Online Access:http://dolgozattar.uni-bge.hu/59372

MARC

LEADER 00000nta a2200000 i 4500
001 dolg59372
005 20260114080010.0
008 260114suuuu hu om 000 hun d
040 |a BGE Dolgozattár Repozitórium  |b hun 
041 |a hu 
100 1 |a Németi Anna Judit 
245 1 3 |a Az Accor-Pannónia Hotels Zrt. és a budapesti Sofitel szálloda stratégiai döntéseit előkészítő pénzügyi számítások  |c Németi Anna Judit  |h [elektronikus dokumentum] 
695 |a Szállodalánc, Sofitel 
695 |a Szállodalánc, Accor-Pannónia Hotels 
695 |a Makrogazdaság, magyar 
695 |a Döntés, stratégiai 
695 |a Vezetői információs rendszer 
695 |a Vállalati stratégia, Accor 
695 |a Pénzügyi elemzés, összehasonlító 
700 1 |a Verebes Dr. Pál  |e ths 
856 4 0 |u http://dolgozattar.uni-bge.hu/59372/1/Nemeti-Anna-Judit.pdf  |z Dokumentum-elérés